00865nam a2200241 4500003000900000005001700009008004100026040004300067043001200110082001600122100004400138245012400182264004400306300003000350336002200380337002400402338003300426504003300459650002800492650003600520651001000556856005700566EG-GICUC20260505103151.0260505t19241925en|||||fr|||| 00| 0 eng d aEG-GiCUCbengcEG-GiCUCdEG-GiCUCerda af-ua---04221a343.0621 aGoadby, Frederic M.q(Frederic Maurice)00aCommentary on Egyptian criminal law and the related criminal law of Palestine, Cyprus, and Iraq / cFrederic M. Goadby. aCairo, bGovernment press, c1924-1925. aPart 1 1073Pages:c24 cm 2rda contentatext 2rda mediaaComputer 2rda carrieraOnline Resource aBibliography: pages 200-250.142qrmakaCriminal Science142Criminal Law - The general part1 2qrmak40uhttps://fll.law.cu.edu.eg/fulltext/bks/B10-09938.pdf